The suffering self : pain and narrative representation in the early christian era

Αποθηκεύτηκε σε:
Λεπτομέρειες βιβλιογραφικής εγγραφής
Κύριος συγγραφέας: Perkins, Judith
Μορφή: Βιβλίο
Γλώσσα:English
Δημοσίευση: London : Routledge, 1995
Θέματα:
Ετικέτες: Προσθήκη ετικέτας
Δεν υπάρχουν, Καταχωρήστε ετικέτα πρώτοι!

MARC

LEADER 00000nam a2200000 i 4500
001 1/8673
008 961118s1995 eng d
020 |a 0-415-12706-8 
035 |l 10017190 
040 |a GR-MY-UA  |b gre  |e aacr 
041 0 |a eng 
082 0 |a 272.1 
100 1 |a Perkins, Judith. 
245 1 4 |a The suffering self :  |b pain and narrative representation in the early christian era /  |c Judith Perkins 
260 |a London :   |b Routledge,   |c 1995 
300 |a 254 p. 
504 |a Includes bibliographical references and index 
650 0 0 |a Suffering  |x Religious aspects  |x Christianity  |x History of doctrines  |y Early church, ca. 30-600. 
650 0 0 |a Pain  |x Religious aspects  |x Christianity  |x History of doctrines  |y Early church, ca. 30-600. 
650 0 0 |a Identification (Religion)  |x History of doctrines  |y Early church, ca. 30-600. 
852 |a INST  |b LESVOS  |e 19961118  |h 272.1 PER  |p 005100012481  |q 005100012481  |t BK  |y 0 
909 |a Λ  |b 048963 
922 |a 1ΔΩΡ  |b 199611  |c ΤΚΑ